00414nam a22001457a 450000500170000000800410001702200130005804100230007108200120009410000230010624500310012926000470016030000350020765000260024220240722082211.0240722b |||||||| |||| 00| 0 eng d a00382396 aEnglish/Afrikaans  a349 SOU lEnglish/Afrikaans  aSouth African Law Reports  aCape Town: bJuta and Company Ltd, c2001  bcxxxvii, 1315 pages; c26 cm.  aLegal practice bLaw